ბათუმის შოთა რუსთაველის სახელმწიფო უნივერსიტეტის ბიბლიოთეკა

Practical Teaching Skills for driving instructors : (ბიბ.ჩანაწერი № 47414)

000 -LEADER
fixed length control field 00822nam a2200217Ia 4500
001 - CONTROL NUMBER
control field 14276
003 - CONTROL NUMBER IDENTIFIER
control field GE_BSU
005 - DATE AND TIME OF LATEST TRANSACTION
control field 20221121143625.0
008 - FIXED-LENGTH DATA ELEMENTS--GENERAL INFORMATION
fixed length control field 181216s2006||||enk|||||||||||||| ||eng||
020 ## - INTERNATIONAL STANDARD BOOK NUMBER
International Standard Book Number 9780749444990x
040 ## - CATALOGING SOURCE
Transcribing agency GE_BSU
050 ## - LIBRARY OF CONGRESS CALL NUMBER
Classification number eng
080 ## - UNIVERSAL DECIMAL CLASSIFICATION NUMBER
Universal Decimal Classification number 656.13 M-70
100 ## - MAIN ENTRY--PERSONAL NAME
Personal name Miller, John
9 (RLIN) 15965
245 ## - TITLE STATEMENT
Title Practical Teaching Skills for driving instructors :
Remainder of title A training manual for the ADI Examination & the check Test /
Statement of responsibility, etc. John Miller.
264 ## - PRODUCTION, PUBLICATION, DISTRIBUTION, MANUFACTURE, AND COPYRIGHT NOTICE
Place of production, publication, distribution, manufacture London :
Name of producer, publisher, distributor, manufacturer Kogan Page,
Date of production, publication, distribution, manufacture, or copyright notice 2006.
300 ## - PHYSICAL DESCRIPTION
Extent 258 p.;
Other physical details 24 cm.
653 ## - INDEX TERM--UNCONTROLLED
keyword პრაქტიკული სწავლების უნარები მართვის ინსტრუქტორებისთვის
653 ## - INDEX TERM--UNCONTROLLED
keyword პრაქტიკული სწავლების უნარი
942 ## - ADDED ENTRY ELEMENTS (KOHA)
Koha item type წიგნი
Source of classification or shelving scheme
ეგზემპლარები
Withdrawn status Lost status Source of classification or shelving scheme Damaged status Not for loan Permanent Location Current Location Shelving location Date acquired Full call number Barcode Date last seen Copy number Price effective from Koha item type
          ბათუმის შოთა რუსთაველის სახელმწიფო უნივერსიტეტის მთავარი ბიბლიოთეკა ბათუმის შოთა რუსთაველის სახელმწიფო უნივერსიტეტის მთავარი ბიბლიოთეკა წიგნსაცავი 2018-12-17 656.13 M-70 37626 2018-12-17 37626 2018-12-17 წიგნი